Ellwood tables for real estate appraising and financing (Record no. 95569)

MARC details
000 -LEADER
fixed length control field 00563cam a2200205 4500
001 - CONTROL NUMBER
control field D3431
008 - FIXED-LENGTH DATA ELEMENTS--GENERAL INFORMATION
fixed length control field 090401t1970 xxu||||| |||| 00| 0 eng d
035 ## - SYSTEM CONTROL NUMBER
System control number (Sirsi) u73291
041 ## - LANGUAGE CODE
Language code of text/sound track or separate title eng
050 ## - LIBRARY OF CONGRESS CALL NUMBER
Classification number 333.3320212
100 ## - MAIN ENTRY--PERSONAL NAME
Personal name Ellwood, L.W.
245 ## - TITLE STATEMENT
Title Ellwood tables for real estate appraising and financing
250 ## - EDITION STATEMENT
Edition statement 3rd
260 ## - PUBLICATION, DISTRIBUTION, ETC.
Place of publication, distribution, etc. Chicago
Name of publisher, distributor, etc. American Institute of Real Estate Apprai
Date of publication, distribution, etc. 1970
300 ## - PHYSICAL DESCRIPTION
Extent 25cm
350 ## - PRICE (NR) (BK AM CF MU VM SE) [OBSOLETE]
Price 12.65
520 ## - SUMMARY, ETC.
Summary, etc. 2 vols (Vol 2 looseleaf): plastic Investment Analysis Curve
942 ## - ADDED ENTRY ELEMENTS (KOHA)
Suppress in OPAC 0
948 ## - LOCAL PROCESSING INFORMATION (OCLC); SERIES PART DESIGNATOR (RLIN)
c (OCLC) 04/03/1997
Holdings
Withdrawn status Lost status Source of classification or shelving scheme Damaged status Not for loan Home library Current library Shelving location Date acquired Cost, normal purchase price Total Checkouts Full call number Barcode Date last seen Copy number Cost, replacement price Price effective from Koha item type
    Dewey Decimal Classification     London London Basement 14/09/1999 12.65   SHELF 85 30008683 06/08/2019 2 12.65 06/08/2019 Book